000 01266cam a22003494a 4500
001 13323844
003 NUST - PNEC
005 20170116180830.0
008 030826s2003 nyua 001 0 eng
010 _a 2003274080
020 _a0471307890 (Hardback)
020 _a9812530061 (Pbk)
040 _aDLC
_cLIBRARY
_dDLC
042 _apcc
050 0 0 _aQA371
_b.B773 2003
082 0 0 _a517.38 BOY
100 1 _aBoyce, William E.
245 1 0 _aElementary differential equations and boundary value problems /
_cWilliam E. Boyce, Richard C. DiPrima.
250 _aCourse advantage, 7th ed.
260 _aNew York :
_bWiley,
_cc2003.
300 _axvi, 745 p. :
_bill. (some col.) ;
_c26 cm.
500 _aIncludes index.
650 0 _aDifferential equations.
650 0 _aBoundary value problems.
_xME
700 1 _aDiPrima, Richard C.
856 4 2 _3Contributor biographical information
_uhttp://www.loc.gov/catdir/bios/wiley046/2003274080.html
856 4 2 _3Publisher description
_uhttp://www.loc.gov/catdir/description/wiley041/2003274080.html
856 4 1 _3Table of contents
_uhttp://www.loc.gov/catdir/toc/wiley032/2003274080.html
906 _a7
_bcbc
_corigcop
_d3
_encip
_f20
_gy-gencatlg
942 _2ddc
_cBK
999 _c63985
_d63985